000 00598nam a2200181 4500
001 139668
003 ES-MaACL
007 t|
008 070214s1908 it r ||||1| ita d
100 1 _aSchiaparelli, Attilio.
_9104331
245 1 3 _aLa casa fiorentina e i suoi arredi
_b: nei secoli XIV e XV /
_cAttilio Schiaparelli.
260 _aFirenze :
_bG. C. Sansoni,
_c1908.
300 _aXXIV, 301 p. :
_bil. ;
_c23 cm.
490 1 _aBiblioteca storica del Rinascimento ;
_v1
830 0 _aBiblioteca storica del Rinascimento ;
_v1
_9220253
852 _aES-MaACL
_jC-6640
999 _c139668
_d139668